Quiz Cultura Generale - Quiz n°65 - Statistics

Statistiche generali
  • Questo quiz è stato fatto 206 volte
  • Il punteggio medio è 9 su 15
Statistiche sulle risposte
Domanda Risposta % Corretto
Di quale paese sono originari i Manga? Giappone
97%
Cosa osserva chi pratica il birdwatching? Uccelli
94%
Qual è il fiume più lungo dell'Africa? Nilo
89%
Qual è il terzo fiume più lungo d'Italia? Tevere
87%
Lo scorbuto è dovuto dalla carenza di quale vitamina? Vitamina C
73%
Di quale vizio è schiavo il ludopatico? Gioco d'azzardo
69%
In quale regione si trova la Grotta Azzurra? Campania
65%
Nell'Orlando Furioso, cosa perde il protagonista quando diventa furioso? Senno
53%
Quale numero decimale corrisponde alla frazione 7/4? 1,75
51%
Quanto costano un paio di scarpe con prezzo di listino pari a 60 €, ma scontante del 25%? 45 €
51%
Quale potenza europea ha colonizzato la parte occidentale del Sud America? Spagna
48%
Qual è il termine che indica la tendenza a favorire i propri parenti a causa della loro relazione familiare e indipendentemente dalle loro reali abilità e competenze? Nepotismo
46%
In che anno è avvenuta la Disfatta di Caporetto? 1917
42%
Secondo la leggenda, chi ha affrontato gli Orazi nella guerra tra Roma ed Alba Longa? Curiazi
37%
Qual era la nazionalità di Carlo Linneo? Svedese
19%
Nessun quiz corrispondente trovato
Distribuzione punteggi
Percentuale di utenti per punteggio
Percentile per numero di risposta
I tuoi punteggi nel tempo
Non hai fatto questo quiz